000 00443nam a2200133 a 4500
001 000033631
005 20200930070411.0
008 110902s1827 xxu 000 0 spa d
040 _aDO-SdBNP
_bspa
_cBNPHU
082 _axxx
245 0 0 _aPersonal narrative of the first voyage of Columbus to America :
_bfrom a manuscript recently discovered in spain.
260 _aBoston :
_bPublished by T.B. Wait and Son,
_c1827.
300 _a303 p. ;
_c22 cm.
999 _c33122
_d33122